Top 20 favourite pets - Statistics

General Stats
  • This quiz has been taken 101 times
  • The average score is 12 of 20
Answer Stats
Answer % Correct
Cat
100%
Dog
100%
Fish
86%
Snake
86%
Bird
83%
Hamster
81%
Horse
72%
Rabbit
72%
Rat
71%
Guinea pig
67%
Lizard
65%
Mouse
64%
Turtle
59%
Ferret
36%
Chicken
35%
Frog
35%
Spiders
29%
Chinchilla
22%
Gecko
17%
Axolotl
2%
No matching quizzes found
Score Distribution
Percent of People with Each Score
Percentile by Number Answered
Your Score History
You have not taken this quiz